| 000 | 01398cam a22003977a 4500 | ||
|---|---|---|---|
| 003 | CHAP | ||
| 005 | 20220817043743.0 | ||
| 008 | 010212d1982 it r 00110 spa d | ||
| 010 | _a83491 | ||
| 011 | _a84463 | ||
| 020 | _a8876430024 | ||
| 035 | _a94983 | ||
| 040 | _cCHAP | ||
| 082 | 0 | 4 |
_a025.33 _bF4 |
| 110 | 0 | _aFAO | |
| 245 | 1 | 0 |
_aAgrovoc : _btesauro multilingüe de terminología agrícola _c/por Donald Leatherdale y María Jose Galrao. |
| 260 |
_aRoma, Italia : _bFAO, _c1982. |
||
| 300 | _a542 p. | ||
| 500 | _aCopia 1 en fotocopias encuadernado en 2 volúmenes | ||
| 505 | 0 | _aContenido de la copia 1: v.1 A-GUAB, v.2 GUAC-Z | |
| 590 |
_aBATCH-UPD _b10 _c20130110 _lUCH01 _h1803 |
||
| 590 |
_aBATCH-UPD _b10 _c20130410 _lUCH01 _h1138 |
||
| 590 |
_aBATCH-UPD _b10 _c20130914 _lUCH01 _h1339 |
||
| 590 |
_aCONVERSION _b10 _c20130109 _lUCH01 _h1346 |
||
| 650 | 1 | 4 |
_aEncabezamientos de materia _xAgricultura. _936719 |
| 650 | 1 | 4 |
_aTesauros. _9112457 |
| 700 | 0 |
_aGalrao, María José. _944492 |
|
| 700 | 0 |
_aLeatherdale, Donald. _965336 |
|
| 901 | _aBK | ||
| 905 | _aEdna Luz | ||
| 942 | _cLIBRO | ||
| 949 |
_a025.33 F4 _bBC _cB _d33724002234454 _eB _fc.3 _gDonaciØn _h114129 _i94983 _sb |
||
| 949 |
_a025.33 F4 _bBC _cB _d949831 _eB _fv.1 _h99692 _i94983 _sb |
||
| 949 |
_a025.33 F4 _bBC _cB _d949832 _eB _fv.2 _h99693 _i94983 _sb |
||
| 949 |
_a025.33 F4 _bBC _cFAO _d33724002208793 _eFAO1 _fc.2 _h99963 _i94983 _st |
||
| 999 |
_c83491 _d83491 |
||